Disposiciones vigentes relativas a organización de la segunda enseñanza y a personal docente de los institutos. (Record no. 182248)

MARC details
000 -LEADER
campo de control de longitud fija 00537nam a2200145 i 4500
001 - NÚMERO DE CONTROL
campo de control 182248
003 - IDENTIFICADOR DE NÚMERO DE CONTROL
campo de control ES-MaACL
005 - FECHA Y HORA DE LA ÚLTIMA TRANSACCIÓN
campo de control 20230906221550.0
008 - DATOS DE LONGITUD FIJA--INFORMACIÓN GENERAL
campo de control de longitud fija 130725s1900 sp l |||| | spa d
245 00 - MENCIÓN DEL TÍTULO
Título Disposiciones vigentes relativas a organización de la segunda enseñanza y a personal docente de los institutos.
260 ## - PUBLICACIÓN, DISTRIBUCIÓN, ETC.
Lugar de publicación, distribución, etc. Madrid :
Nombre del editor, distribuidor, etc. La Segunda Enseñanza,
Fecha de publicación, distribución, etc. 1900 (
Fabricante Tip. Lit. de J. Corrales)
300 ## - DESCRIPCIÓN FÍSICA
Extensión 138 p. ;
Dimensiones 18 cm.
650 #4 - PUNTO DE ACCESO ADICIONAL DE MATERIA--TÉRMINO DE MATERIA
Término de materia o nombre geográfico como elemento de entrada Enseñanza secundaria-
Subdivisión geográfica España-
Subdivisión de forma Legislación.
9 (RLIN) 153098
852 ## - LOCALIZACIÓN
Ubicación ES-MaACL
Número de control de estantería T-961-F-5
Holdings
Estatus retirado Estado de pérdida Estado de daño No para préstamo Colección Biblioteca de origen Biblioteca actual Ubicación en estantería Fecha de adquisición Fuente de adquisición Total de préstamos Signatura topográfica completa Código de barras Visto por última vez Precio de reemplazo Tipo de ítem Koha
        Colección de folletos Biblioteca del Ateneo de Madrid Biblioteca del Ateneo de Madrid Depósito folletos 25/07/2013     T-961-F-5 1191524 23/02/2023 23/02/2023 Folleto